000 00854nam a2200229 a 4500
001 000257755
003 AM-YeHGA
005 20250618071728.0
008 030903s1975 ai |||||||||||||| 0|arm|d
040 _aAM-YeHGA
041 0 _aarm
100 1 _aԱրշարունի, Արշալույս Միքայելի,
_d1896-1985
_91831
245 1 0 _aՁեռագրերի աշխարհում :
_b[Ակնարկներ] /
_cԱ.Մ. Արշարունի ; Խմբ.՝ Է.Ա. Մակարյան.
260 _aԵրևան :
_bՀայաստան,
_c1975.
300 _a130 էջ ;
_c19 սմ.
650 1 2 _aԳրականագիտություն
650 1 4 _aԳրքագիտություն
_xՁեռագիր գրքերի պատմություն
650 1 4 _aԳրքի պատմություն
_94370
700 1 _aՄակարյան, Է.Ա.
_eխմբ.
_4edt
942 _2udc
_cBK
090 _c94169
999 _c92870
_d92870